| 000 | 00811nam a2200289Ia 4500 | ||
|---|---|---|---|
| 005 | 20260324123629.0 | ||
| 008 | 008 260324s9999 xx 000 0 eng d | ||
| 020 | _a9781315264240 | ||
| 037 | _aEBOOK | ||
| 040 | _aCRL | ||
| 040 | _beng | ||
| 040 | _cCRL | ||
| 041 | _2eng | ||
| 041 | _aeng | ||
| 084 | _qCRL | ||
| 100 |
_aGraham Bradshaw; Alexa Huang; Tom Bishop; Jonathan Gil Harris _91171042 |
||
| 245 | 4 | _aThe Shakespearean International Yearbook | |
| 245 | 0 | _bVolume 11: Special Issue, Placing Michael Neill. Issues of Place in Shakespeare and Early Modern Culture | |
| 260 | _bTaylor and Francis | ||
| 260 | _c2011 | ||
| 365 | _a | ||
| 365 | _b240 | ||
| 856 | _uhttp://www.taylorfrancis.com/books/9781315264240 | ||
| 942 | _cEBOOK | ||
| 999 |
_c1764735 _d1764735 |
||